Elephantine XXXVI : Der ptolemäische Satettempel und seine Nebenanlagen und die Treppenanlage des nördlichen Sakralbezirks /

Saved in:

Main Author: Jaritz, Horst, author

Format: Book

Language: German

Published: Wiesbaden : Harrassowitz Verlag, [2019].

Series: Elephantine ; 36.
Archaologische Veroffentlichungen (Deutsches Archaologisches Institut. Abteilung Kairo) ; 127.
ArchVer ; 127.

Subjects:

Tags: Add Tag

No Tags, Be the first to tag this record!

Call Number: ( F )DT57 .D47 v.127

LEADER 01368nam a22003377a 4500
003 OSt
005 20260521062321.0
008 260512s2019 gw af b 000 0 ger
020 |a 9783447112079 
022 |2 2190-5843 
035 |a 21285610 
035 |a (GyWOH)har190037542 
040 |c ARCE Library 
042 |a pcc 
050 4 |a ( F )DT57 .D47 v.127 
100 1 |a Jaritz, Horst,   |d author 
245 1 4 |a Elephantine XXXVI :   |b Der ptolemäische Satettempel und seine Nebenanlagen und die Treppenanlage des nördlichen Sakralbezirks /  |c von Horst Jaritz, Ewa Laskowska-Kusztal, Walter Niederberger ; mit Beiträgen von Horst Beinlich und Karl-Theodor Zauzich. 
264 1 |a Wiesbaden :  |b Harrassowitz Verlag,  |c [2019]. 
300 |a 240 pages, 75 pages of plates :  |b many illustrations (partly color) ;  |c 36 cm. 
490 0 |a Elephantine ;  |v 36. 
490 0 |a Archaologische Veroffentlichungen (Deutsches Archaologisches Institut. Abteilung Kairo) ;   |v 127. 
490 0 |a ArchVer ;   |v 127. 
504 |a Includes bibliographical references (pages 15-23). 
610 2 0 |a Temple of Satis (Elephantine, Egypt) 
650 0 |a Excavations (Archaeology)   |z Egypt   |z Elephantine. 
650 0 |a Temples   |z Egypt   |z Elephantine. 
651 0 |a Elephantine (Egypt)   |x Antiquities. 
651 0 |a Egypt   |x Antiquities. 
901 |a reviewed 
942 |2 lcc  |c BK 
999 |c 62242  |d 62242